00307nam a2200121Ia 4500008004100000100001200041245004100053260004300094300000800137650001600145942000700161999001700168190216s9999||||xx |||||||||||||| ||und|| aRao S.S 0aOptimization Theory And Applications bNew Age International Publishersc1984 a898 aMathematics cBK c30965d30965